000 01565cam a22003614a 4500
999 _c57277
_d57277
001 13487725
003 GE_BSU
005 20200203110841.0
008 040211s2005 caua b 001 0 eng
010 _a 2004003255
020 _a0761927115 (cloth)
020 _a0761927123 (pbk.)
040 _aDLC
_cDLC
_dDLC
042 _apcc
050 0 0 _aBF713
_b.M332 2005
082 0 0 _a155.9
_222
245 0 0 _aMaking human beings human :
_bbioecological perspectives on human development /
_cUrie Bronfenbrenner, editor.
260 _aThousand Oaks :
_bSage Publications,
_cc2005.
300 _axxix, 306 p. :
_bill. ;
_c24 cm.
440 4 _aThe Sage program on applied developmental science
_96672
504 _aIncludes bibliographical references and indexes.
650 0 _aDevelopmental psychology.
_96673
650 0 _aEnvironmental psychology.
_96674
650 0 _aNature and nurture.
_96675
653 _aფსიქოლოგია
700 1 _aBronfenbrenner, Urie,
_d1917-2005.
_96676
_eრედაქტორი
856 4 1 _3Table of contents only
_uhttp://www.loc.gov/catdir/toc/ecip0415/2004003255.html
856 4 2 _3Publisher description
_uhttp://www.loc.gov/catdir/enhancements/fy0658/2004003255-d.html
856 4 2 _3Contributor biographical information
_uhttp://www.loc.gov/catdir/enhancements/fy0739/2004003255-b.html
906 _a7
_bcbc
_corignew
_d1
_eecip
_f20
_gy-gencatlg
942 _2udc
_cBK
955 _ash20 2004-02-11
_csh20 2004-02-11
_aaa17 2004-02-17
_aps11 2004-08-25 1 copy rec'd., to CIP ver.
_asp12 2005-01-28 copy 2 to BCCD